Evolution (Registro nro. 310376)

Detalles MARC
000 -ENCABEZADO
Número de control [NR] 01133cam a2200349Mi 4500
001 - NÚMERO DE CONTROL
control field ocn995563404
005 - FECHA Y HORA DE LA ÚLTIMA TRANSACCIÓN
control field 20180823113924.0
008 - DE LONGITUD FIJA DE DATOS DE ELEMENTOS - INFORMACIÓN GENERAL
Elementos de longitud fija [NR] 150416t20162016couab b 001 0 eng d
010 ## - NUMERO DE CONTROL DE LA BIBLIOTECA DEL CONGRESO (LC) [NR]
Número de control LC [NR] 2015014646
016 7# - NUMERO DE CONTROL DE AGENCIA BIBLIOGRAFICA NACIONAL [R]
Número de control [NR] 101674813
Fuente [NR] DNLM
020 ## - NUMERO INTERNACIONAL NORMALIZADO PARA LIBROS [R]
Número Internacional Normalizado del libro [NR] 9781936221554 (2a.Ed.)
020 ## - NUMERO INTERNACIONAL NORMALIZADO PARA LIBROS [R]
ISBN Cancelado/ Invalidado [R] 1936221551
020 ## - NUMERO INTERNACIONAL NORMALIZADO PARA LIBROS [R]
Número Internacional Normalizado del libro [NR] 9781936221691
020 ## - NUMERO INTERNACIONAL NORMALIZADO PARA LIBROS [R]
ISBN Cancelado/ Invalidado [R] 1936221691
035 ## - NUMERO DE CONTROL DEL SISTEMA [R]
Número de control del sistema [NR] (OCoLC)995563404
040 ## - FUENTE DE CATALOGACION [NR]
Agencia de catalogación original [NR] Co-BoUCM
Idioma de catalogación [NR] spa
Quien Cataloga Saul Niño
Quien Clasifica Saul Niño
041 0# - CODIGO DE IDIOMA [R]
Código de idioma para texto/pista de sonido o título separado [R] Inglés
060 00 - SIGNATURA TOPOGRAFICA DE LA BIBLIOTECA NACIONAL DE MEDICINA (NLM) [R]
Número clasificador [R] QH 366
100 1# - ASIENTO PRINCIPAL--NOMBRE PERSONAL [NR]
Nombre personal [NR] Zimmer, Carl
Fechas asociadas con el nombre [NR] 1966-
ID Autoridad 93402
245 10 - MENCION DE TITULO [NR]
Título [NR] Evolution
Parte restante del título [NR] making sense of life
Mención de responsabilidad, etc. [NR] Carl Zimmer, Douglas J. Emlen ; study guide by Alison E. H. Perkins
250 ## - MENCION DE EDICION [NR]
Mención de edición [NR] Segunda edición
260 ## - PUBLICACION, DISTRIBUCION, ETC. (PIE DE IMPRENTA) [R]
Lugar de publicación, distribución, etc. [R] Greenwood Village
Nombre del editor, distribuidor, etc. [R] Robert and Company
Fecha de publicación, distribución, etc. [R] 2015
300 ## - DESCRIPCION FISICA [R]
Extensión [R] 707 páginas
Otros detalles físicos [NR] ilustraciones, gráficas
546 ## - NOTA DE IDIOMA [R]
Nota de idioma [NR] Texto en inglés
650 #7 - ASIENTO SECUNDARIO DE MATERIA - TERMINO TEMATICO [R]
Término temático o nombre geográfico como elemento de entrada [NR] Evolución (Biología)
9 (RLIN) 15360
650 #7 - ASIENTO SECUNDARIO DE MATERIA - TERMINO TEMATICO [R]
Término temático o nombre geográfico como elemento de entrada [NR] Genética humana
9 (RLIN) 16317
650 #7 - ASIENTO SECUNDARIO DE MATERIA - TERMINO TEMATICO [R]
Término temático o nombre geográfico como elemento de entrada [NR] Ciencias naturales
9 (RLIN) 10813
700 1# - ASIENTO SECUNDARIO - NOMBRE PERSONAL [R]
Nombre personal [NR] Emlen, Douglas John
Fechas asociadas con el nombre [NR] 1967-
9 (RLIN) 93403
700 1# - ASIENTO SECUNDARIO - NOMBRE PERSONAL [R]
Nombre personal [NR] Perkins, Alison E.H.
9 (RLIN) 93404
942 ## - ELEMENTOS DE ENTRADA AGREGADOS (KOHA)
Sistema de clasificación NLM
Tema principal Ciencias puras
Tipo de ítem principal el descrito en 300a Libro de reserva
Edición 2
Clasificación QH 366
Parte restante de la signatura top. Z721e
Existencias
Signatura topográfica Código de barras Última vez visto Volúmen / Fascículo Ejemplar Costo de reposición Price effective from Tipo de ítem Nota pública (OPAC) Perdido Sistema de clasificación Dañado No prestable Tipo de ítem específico Suprimido Ubicación habitual Ubicación actual Localización Fecha de creación Proveedor Forma de adquisición Costo Fecha de último préstamo Total préstamos Total Renewals
QH 366 Z721e 100157824 12/12/2025 2a.Ed. Ej.1 290397.00 22/08/2018 Libro Spot Ciencias Naturales   NLM     Libro   Quinta de Mutis Quinta de Mutis 3er piso 22/08/2018 15 Compra 290397.00      
QH 366 Z721e 100157823 12/12/2025 2a.Ed. Ej.2 290397.00 22/08/2018 Libro Spot Ciencias Naturales   NLM     Libro   Quinta de Mutis Quinta de Mutis 3er piso 22/08/2018 15 Compra 290397.00 30/01/2020 5 6